Φύλο και πολιτική : γυναίκες στα κέντρα λήψης πολιτικών αποφάσεων ; διεκδικήσεις, κατακτήσεις, εμπόδια και προκαταλήψεις ; διπλωματική εργασία [πτυχιακή εργασία]
Αποθηκεύτηκε σε:
| Κύριος συγγραφέας: | |
|---|---|
| Συγγραφή απο Οργανισμό/Αρχή: | |
| Άλλοι συγγραφείς: | |
| Μορφή: | Thesis Βιβλίο |
| Γλώσσα: | Greek |
| Δημοσίευση: |
2016.
|
| Θέματα: | |
| Διαθέσιμο Online: | http://hdl.handle.net/11610/17397 |
| Ετικέτες: |
Προσθήκη ετικέτας
Δεν υπάρχουν, Καταχωρήστε ετικέτα πρώτοι!
|
MARC
| LEADER | 00000cam a2200000 a 4500 | ||
|---|---|---|---|
| 001 | 1/111987 | ||
| 008 | 160920s2016####gr | ||| |||| ||gre|| | ||
| 040 | |a GR-MyUa |b gre |c GR-MyUa |e AACR2 | ||
| 041 | 0 | |a gre | |
| 082 | 7 | |a 305.42 |2 (23) | |
| 100 | 1 | |a Κόκκορα, Ειρήνη-Ευδοξία. | |
| 245 | 1 | 0 | |a Φύλο και πολιτική : |b γυναίκες στα κέντρα λήψης πολιτικών αποφάσεων ; διεκδικήσεις, κατακτήσεις, εμπόδια και προκαταλήψεις ; διπλωματική εργασία [πτυχιακή εργασία] / |c Κόκκορα Ειρήνη-Ευδοξία ; επιβλέπουσα καθηγήτρια: Γκασούκα Μαρία. |
| 260 | |c 2016. | ||
| 300 | |a 68 σ. : |b πίν. ; |c 30 εκ. | ||
| 500 | |a Μέλη εξεταστικής επιτροπής: Γουβιάς Διονύσης, Φώκιαλη Περσεφόνη. | ||
| 502 | # | # | |a Πτυχιακή εργασία – Πανεπιστήμιο Αιγαίου, Ρόδος, 2016. |
| 504 | |a Βιβλιογραφία: σ. 38-40. | ||
| 506 | 1 | |a Πλήρες κείμενο - Ενδοπανεπιστημιακή δημοσίευση - Κλειδωμένη η δυνατότητα αντιγραφής. | |
| 650 | 0 | |a Women in politics. | |
| 650 | 0 | |a Political sociology. | |
| 650 | 0 | |a Political culture. | |
| 650 | 0 | |a Sex role |x Political aspects. | |
| 650 | 0 | |a Women |x Political activity. | |
| 650 | 0 | |a Political participation |z Greece. | |
| 650 | 0 | |a Gender identity |x Political aspects. | |
| 700 | 1 | |a Γκασούκα, Μαρία, |e dgsf [Επιβλέπουσα καθηγήτρια] | |
| 710 | 2 | |a Πανεπιστήμιο Αιγαίου |b Σχολή Ανθρωπιστικών Επιστημών |b Τμήμα Επιστημών της Προσχολικής Αγωγής και του Εκπαιδευτικού Σχεδιασμού. | |
| 852 | |a INST |b RHODES |c DIATR |e 20160919 |h 305.42 ΚΟΚ |p 005400038788 |q 005400038788 |t DIE |y 23 | ||
| 856 | |u http://hdl.handle.net/11610/17397 | ||
| 924 | |a Κόκκορα |b Ειρήνη-Ευδοξία |y Ρόδος |z 2016-07 | ||
| 970 | |z 20-09-2016 | ||